RuPaul's Drag Race - ALL WINNERS! - Statistics

General Stats
  • This quiz has been taken 1,462 times
    54 since last reset
  • The average score is 55 of 81
Answer Stats
Answer % Correct
USA 1 BeBe Zahara Benet
98%
USA6 Bianca Del Rio
98%
USA 5 / ALL STARS 7 Jinkx Monsoon
96%
USA 3 Raja
96%
USA 2 Tyra Sanchez
96%
USA 10 Aquaria
93%
USA 8 Bob The Drag Queen
93%
USA 9 Sasha Velour
93%
USA 4 Sharon Needles
93%
US A7 Violet Chachki
93%
ALL STARS 10 Ginger Minj
91%
USA 12 Jaida Essence Hall
91%
USA 18 Myki Meeks
91%
USA 16 Nymphia Wind
91%
USA 17 Onya Nurve
91%
USA 15 Sasha Colby
91%
USA 13 Symone
91%
USA 11 Yvie Oddly
91%
ALL STARS 2 Alaska
89%
ALL STARS 1 Chad Michaels
89%
ALL STARS 3 Trixie Mattel
89%
USA 14 Willow Pill
89%
ALL STARS 6 Kylie Sonique Love
87%
ALL STARS 4 Monét X Change
87%
ALL STARS 5 Shea Couleé
87%
ALL STARS 4 Trinity The Tuck / Taylor
87%
GLOBAL 1 Alyssa Edwards
85%
ALL STARS 9 Angeria Paris VanMicheals
85%
ALL STARS 8 Jimbo
85%
UK 1 The Vivienne
83%
UK 2 Lawrence Chaney
78%
CANADA 1 Priyanka
78%
UK VTW 2 Tia Kofi
78%
UK VTW 1 Blu Hydrangea
74%
CANADA VTW 2 Lemon
74%
CANADA VTW 1 Ra'Jah O'Hara
74%
UK 4 Danny Beard
72%
UK 3 Krystal Versace
70%
FRANCE 2 Keiona
67%
UK 5 Ginger Johnson
65%
CANADA 2 Icesis Couture
65%
FRANCE AS1 Mami Watta
65%
FRANCE 1 Paloma
65%
UK 7 Bones
63%
UK VTW 3 Gawdland
63%
UK 6 Kyran Thrax
61%
ESPAÑA 1 Carmen Farala
59%
CANADA 4 Venus
59%
ESPAÑA AS 1 Drag Sethlas
57%
GERMANY 1 Pandora Nox
57%
CANADA 6 Van Goth
57%
HOLLAND 1 Envy Peru
54%
CANADA 3 Gisèle Lullaby
54%
FRANCE 3 Le Filip
54%
ESPAÑA 3 Pitita
54%
ESPAÑA 2 Sharonne
54%
CANADA 5 The Virgo Queen
54%
SLAYSIAN 1 Brigiding
52%
DOWN UNDER 1 Kita Mean
52%
DOWN UNDER 4 Lazy Susan
50%
ESPAÑA 4 Le Cocó
50%
BRASIL 1 Organzza
50%
DOWN UNDER 2 Spankie Jackzon
50%
PHILIPPINES 1 Precious Paula Nicole
48%
PHILIPPINES 2 Captivating Katkat
46%
HOLLAND 2 Vanessa Van Cartier
46%
SVERIGE 1 Admira Thunderpussy
43%
ITALIA 1 Elecktra Bionic
43%
DOWN UNDER 3 Isis Avis Loren
43%
ITALIA 2 La Diamond
43%
THAILAND 2 Angele Anang
41%
MEXICO 1 Cristian Peralta
41%
PHILIPPINES 3 Maxie
41%
THAILAND 1 Natalia Pliacam
39%
BRASIL 2 Ruby Nox
39%
ESPAÑA 5 Satín Greco
39%
BELGIQUE 2 Alvilda
37%
BELGIQUE 1 Drag Couenne
37%
THAILAND 3 Frankie Wonga
37%
MEXICO 2 Leexa Fox
37%
ITALY 3 Lina Galore
37%
No matching quizzes found
Score Distribution
Percent of People with Each Score
Percentile by Number Answered
Your Score History
You have not taken this quiz since the last reset